[Event "Fouesnant op 14th"]
[Site "Fouesnant"]
[Date "2008.10.29"]
[Round "6"]
[White "Robert, Alain"]
[Black "Cogan, Nicolas"]
[Result "0-1"]
[WhiteElo "1847"]
[BlackElo "1660"]
[PlyCount "140"]
[EventDate "2008.10.25"]
[EventType "swiss"]
[EventRounds "9"]
[EventCountry "FRA"]
[SourceTitle "EXT 2009"]
[Source "ChessBase"]
[SourceDate "2008.11.26"]
[SourceVersion "1"]
[SourceVersionDate "2008.11.26"]
[SourceQuality "1"]

1. Nf3 Nf6 2. c4 e6 3. Nc3 b6 4. g3 Bb7 5. Bg2 Bb4 6. 0-0 0-0 7. d3 d5 8. cxd5 Nxd5 9. Nxd5 exd5 10. a3 Bd6 11. d4 c5 12. e3 Nd7 13. b3 Nf6 14. Bb2 Rc8 15. Rc1 c4 16. bxc4 dxc4 17. Qa4 Bc6 18. Qa6 Nd7 19. Ne5 Bxg2 20. Kxg2 Nxe5 21. dxe5 Bxe5 22. Rfd1 Qe7 23. Bxe5 Qxe5 24. Rxc4 Rxc4 25. Qxc4 Qc5 26. Qxc5 bxc5 27. Rc1 Rc8 28. Kf3 Kf8 29. Ke4 Ke7 30. Kd3 Kd6 31. Kc4 Kc6 32. Rd1 Rc7 33. Rd5 Kb6 34. Rd6+ Ka5 35. e4 f6 36. f4 Re7 37. Rd3 Kb6 38. Re3 Rd7 39. e5 Rd4+ 40. Kc3 f5 41. e6 Rd8 42. e7 Re8 43. Kc4 Kc6 44. Re5 Kd6 45. a4 Rxe7 46. Rxe7 Kxe7 47. Kxc5 Kd7 48. h3 h5 49. a5 Kc7 50. a6 Kd7 51. h4 Kc7 52. Kd5 Kb6 53. Ke6 Kxa6 54. Kxf5 Kb5 55. Kg6 a5 56. Kxg7 a4 57. f5 a3 58. f6 a2 59. f7 a1Q+ 60. Kg8 Qa2 61. Kg7 Qb2+ 62. Kg8 Qb3 63. Kg7 Qxg3+ 64. Kh7 Qf4 65. Kg7 Qe5+ 66. Kh7 Qf4 67. Kg7 Qe5+ 68. Kh7 Qf6 69. Kg8 Qg6+ 70. Kf8 Kc6 0-1